000 00775nam a2200217 a 4500
001 BRCA_137
005 20190320202909.0
008 940316r19931881mx-a---###---#001-0#spa-d
040 _aDLC
_cDLC
050 4 _aF1226
_b.B53 1993
100 1 _aOrozco y Berra, Manuel
_d1816-1881
_9539
245 1 0 _aApuntes para la historia de la geografía en México
_cManuel Orozco y Berra.
260 _aMéxico
_bBiblioteca Mexicana de la Fundación Miguel Alemán
_c1993.
300 _axxxviii, 503, xxiv p.
_bil.
_c23 cm.
500 _aIncluye índice onomástico
500 _aFacsímil de: 1881
651 4 _aMéxico
_xGeografía histórica
_9540
651 4 _aMéxico
_xDescubrimiento y exploración
_9541
651 4 _aNueva España
_xDescubrimiento y exploración
_9542
942 _2lcc
_cB
999 _c118
_d118